000 00197nam a22000737a 4500
999 _c24622
_d24622
003 NUST
005 20170615140257.0
008 140617b xxu||||| |||| 00| 0 eng d
020 _cAvailable
022 _a00221120
040 _aDLC
_bDLC
_cRCMS
082 _a532.14 CAM
100 _aCambridge University Press
_92672
245 _aJournal of Fluid Mechanics vol 703
_cCambridge University Press
260 _aUSA
_bCambridge University Press
_cc.25,July,2012
300 _a413,p:
_bill:
_c22,cm.
440 _vVolume:703
_92756
500 _aContents continued on inside back cover.
650 _aFluid Mechanics
_91678
942 _2ddc
_cCR